Open Data Biblioteca Nacional de Portugal


República Portuguesa: Ministério da Cultura
Biblioteca Nacional de Portugal

Catálogo da BNP: acesso por Identificadores Unívocos
Registos Bibliográficos associados ao registo de autoridade

Etiqueta de registo: 00254nam 2200025 450
001 2284573
003 http://id.bnportugal.gov.pt/bib/catbnp/2284573
010 ## $a978-989-96062-5-8
021 ## $aPT$b395261/15
100 ## $a20260416d2016 k d0pory01030103ba
101 0# $apor$aspa
102 ## $aPT
105 ## $aa z 000yy
106 ## $ar
200 1# $aVIII Simpósio Ibérico sobre a Bacia Hidrográfica do Rio Minho$eactas$fed., coord. Carlos Antunes
210 #9 $aVila Nova de Cerveira$cAquamuseu do Rio Maior$cCâmara Municipal de Vila Nova de Cerveira,$d2016
215 ## $a81 p.$cil.$d30 cm
675 ## $a556.5(282)(469-17+460-16)(042)$vBN$zpor$31999075
702 #1 $95$aAntunes,$bCarlos$4340$31607813
710 12 $aSimpósio Ibérico sobre a Bacia Hidrográfica do Rio Minho,$d8,$eVila Nova de Cerveira,$f2016$31995992
801 #0 $aPT$bBN$gRPC
856 41 $uhttp://rnod.bnportugal.gov.pt/ImagesBN/winlibimg.aspx?skey=&doc=2284573&img=222589&save=true
900 ## $aBIBNAC$d20260601
966 ## $lBN$mFGMON$sS.A. 193961 V.$x1
971 ## $cssilva$d20260416
972 ## $e0$z0$d20260601$vasantos
973 ## $csteixeira$d20260522

OpendataBNP@bnportugal.pt | Mais informação sobre acesso aos dados BNP